| 000 | 01168cam a2200361Ia 4500 | ||
|---|---|---|---|
| 001 | 43790 | ||
| 005 | 20230410101711.0 | ||
| 008 | 010313s2000 fr ac b 001 0 eng d | ||
| 035 | _a(OCoLC)ocm46439205 | ||
| 040 |
_aCTW _cCTW _dNOC _dOCLCQ |
||
| 020 | _a2702206085 | ||
| 020 | _a9782702206089 | ||
| 035 | _a(OCoLC)46439205 | ||
| 041 | 1 |
_aeng _hfre |
|
| 043 | _anwht--- | ||
| 050 | 1 | 4 |
_a110 ND 306 _bA384p 2000 |
| 100 | 1 | _aAlexis, Gérald. | |
| 245 | 1 | 0 |
_aPeintres haitiens = _bHaitian painters / _cGérald Alexis ; [translated by Marie Grocholska]. |
| 246 | 3 | 1 | _aHaitian painters |
| 250 | _a[English ed.]. | ||
| 260 |
_aParis : _bEditions Cercle d'Art, _c2000. |
||
| 300 |
_a303 p. : _bill. (chiefly col.), ports. (some col.) ; _c30 cm. |
||
| 500 | _a"English version"--Cover. | ||
| 504 | _aIncludes bibliographical references (p. 294-295. | ||
| 500 | _aIncludes "Index of artists' names and brief biographies," (p. 296-303). | ||
| 650 | 4 | _aCEH | |
| 650 | 4 | _aColección Estudios Haitianos | |
| 650 | 0 |
_aPainting, Haitian _y20th century. |
|
| 650 | 0 |
_aPainters _zHaiti. |
|
| 700 | 1 | _aGrocholska, Marie. | |
| 942 |
_2lcc _cbk |
||
| 994 |
_aC0 _bDRFGD |
||
| 999 |
_c12345 _d12345 |
||